[Event "22.Deutsche Senioreneinzelmeisterschaft"]
[Site "Berlin-Spandau"]
[Date "2010.08.18"]
[Round "3.118"]
[White "Junghaenel, Dieter"]
[Black "Roettger, Franz"]
[Result "0-1"]
[WhiteElo "1523"]
[BlackElo "1699"]
[PlyCount "39"]
[EventDate "2010.08.??"]
[EventType "swiss"]
[EventRounds "9"]
[EventCountry "GER"]

1. Nf3 d5 2. e3 Bg4 3. Be2 e6 4. d4 Ne7 5. Nbd2 Ng6 6. h3 Bxf3 7. Nxf3 Bd6 8.
Qd3 Nh4 9. Nxh4 Qxh4 10. Qb5+ Nd7 11. Qxb7 O-O 12. Qb5 Nf6 13. Bf3 Ne4 14. O-O
Ng5 15. Bg4 f5 16. Bxf5 Rxf5 17. f4 Nxh3+ 18. gxh3 Qg3+ 19. Kh1 Qxh3+ 20. Kg1
0-1

[Event "22.Deutsche Senioreneinzelmeisterschaft"]
[Site "Berlin-Spandau"]
[Date "2010.08.18"]
[Round "3.119"]
[White "Graw, Rolf"]
[Black "Girod, Gudrun"]
[Result "1-0"]
[WhiteElo "1695"]
[BlackElo "1285"]
[PlyCount "42"]
[EventDate "2010.08.??"]
[EventType "swiss"]
[EventRounds "9"]
[EventCountry "GER"]

1. e4 d5 2. exd5 Qxd5 3. Nc3 Qd8 4. Nf3 e6 5. Ne4 Nf6 6. Nxf6+ Qxf6 7. c3 Qd8
8. d4 Be7 9. Bd3 Nd7 10. h4 Nf6 11. Bg5 h6 12. Bxf6 Bxf6 13. Qe2 Be7 14. O-O-O
O-O 15. Kb1 c6 16. g4 f5 17. g5 hxg5 18. hxg5 Bxg5 19. Nxg5 Qxg5 20. Rdg1 Qe7
21. Qh5 Rf6 1-0

[Event "22.Deutsche Senioreneinzelmeisterschaft"]
[Site "Berlin-Spandau"]
[Date "2010.08.18"]
[Round "3.120"]
[White "Merettig, Georg"]
[Black "Vidic, Dobrivoje"]
[Result "1/2-1/2"]
[WhiteElo "1691"]
[BlackElo "1653"]
[PlyCount "93"]
[EventDate "2010.08.??"]
[EventType "swiss"]
[EventRounds "9"]
[EventCountry "GER"]
[WhiteTeam "SV Caissa Wolfenbuettel"]
[BlackTeam "SK Aleksandar Matanovic"]

1. Nc3 c6 2. f4 e6 3. e4 Nf6 4. d4 Bb4 5. Bd3 d5 6. e5 Nfd7 7. a3 Bxc3+ 8. bxc3
c5 9. f5 exf5 10. Bxf5 cxd4 11. cxd4 Nc6 12. Nf3 Ndxe5 13. Nxe5 Bxf5 14. O-O
Be6 15. Rb1 Nxe5 16. dxe5 Rb8 17. Qd4 b6 18. a4 Qc7 19. Rf2 O-O 20. Ba3 Rfd8
21. Bd6 Rxd6 22. exd6 Qxd6 23. c4 Qc7 24. c5 bxc5 25. Rxb8+ Qxb8 26. Qxc5 h6
27. Qd4 a6 28. Rb2 Qc8 29. Rb6 Qc1+ 30. Kf2 Qc2+ 31. Kf3 Qf5+ 32. Ke2 Qh5+ 33.
Kf2 Qf5+ 34. Kg1 a5 35. Rb5 Qg5 36. Qd3 Qc1+ 37. Kf2 Qc7 38. g3 g6 39. Qb1 d4
40. Qb2 Qa7 41. Rb6 Qd7 42. Qb5 Kh7 43. Qxa5 d3 44. Ke3 Bf5 45. Rb2 Qe7+ 46.
Kd2 Qe2+ 47. Kc3 {
Restliche 5-7 Zuege auf beiden Formularen nicht rekonstruierbar.} 1/2-1/2

[Event "22.Deutsche Senioreneinzelmeisterschaft"]
[Site "Berlin-Spandau"]
[Date "2010.08.18"]
[Round "3.121"]
[White "Garms, Ilse"]
[Black "Lueders, Guenther"]
[Result "1-0"]
[WhiteElo "1516"]
[BlackElo "1663"]
[PlyCount "139"]
[EventDate "2010.08.??"]
[EventType "swiss"]
[EventRounds "9"]
[EventCountry "GER"]
[WhiteTeam "PostSV Brandenburg e.V."]
[BlackTeam "TSV 1883 Benshausen"]

1. d4 d5 2. c4 e6 3. a3 Nf6 4. Nf3 Be7 5. e3 O-O 6. Qc2 Nbd7 7. Bd3 h6 8. O-O
dxc4 9. Bxc4 Nb6 10. Bd3 c6 11. Nc3 Qc7 12. e4 a6 13. e5 Nfd5 14. Be3 Bd7 15.
Rac1 Rad8 16. Qe2 Nxe3 17. fxe3 Nd5 18. h3 Qa5 19. Ne4 f5 20. exf6 Nxf6 21.
Nxf6+ Bxf6 22. Rc5 Qb6 23. Ne5 Bxe5 24. Rxf8+ Rxf8 25. Rxe5 Rf6 26. Bc4 Qd8 27.
Ba2 Qf8 28. Bb1 Qf7 29. Be4 Kf8 30. Bf3 Rf5 31. Rxf5 exf5 32. Qd2 Be6 33. Qb4+
Kg8 34. Qd6 Kh7 35. Qg3 Qf6 36. Qf2 Qg5 37. h4 Qf6 38. g3 Qe7 39. Qc2 Qd6 40.
Kg2 Bc8 41. g4 g6 42. gxf5 Bxf5 43. Qb3 Qd7 44. Qb4 Qf7 45. e4 Bc8 46. Kg3 Qd7
47. Kf2 Qd8 48. Kg3 h5 49. Qc5 Qd7 50. Kf2 Qd8 51. Kg3 Be6 52. Qg5 Qc7+ 53. e5
Qf7 54. Be4 Kg7 55. Qf4 Qe7 56. Qd2 Bc8 57. Qg5 Qe6 58. Kf2 Qf7+ 59. Kg3 Qb3+
60. Kf4 Qf7+ 61. Kg3 Bg4 62. Qe3 Qf1 63. Qf2 Qh3+ 64. Kf4 Qb3 65. Kg5 Qe6 66.
Qf6+ Kg8 67. Qxe6+ Bxe6 68. Bxg6 Bg4 69. Bxh5 Be6 70. Bf3 1-0

[Event "22.Deutsche Senioreneinzelmeisterschaft"]
[Site "Berlin-Spandau"]
[Date "2010.08.18"]
[Round "3.122"]
[White "Garbe, Eckhard"]
[Black "Wulf, Adalbert"]
[Result "1/2-1/2"]
[WhiteElo "1439"]
[BlackElo "1805"]
[PlyCount "86"]
[EventDate "2010.08.??"]
[EventType "swiss"]
[EventRounds "9"]
[EventCountry "GER"]
[WhiteTeam "SV Blau-Weiß Grevesmuehlen"]
[BlackTeam "SV Ennigerloh-Oelde"]

1. d4 c5 2. d5 e5 3. c4 d6 4. Nc3 f5 5. e3 Nf6 6. h3 Be7 7. Bd3 O-O 8. Nge2 Bd7
9. Bd2 Na6 10. a3 Rb8 11. O-O Qe8 12. f4 e4 13. Bc2 Nc7 14. Be1 b5 15. b3 Rb7
16. Rb1 bxc4 17. bxc4 Rxb1 18. Qxb1 Qc8 19. a4 Qa6 20. Nb5 Rc8 21. Ng3 Nce8 22.
Bc3 Rb8 23. Qa1 Qb7 24. Rb1 Qa8 25. Na3 Kf7 26. Rb2 {=} a6 27. Qb1 Rxb2 28.
Qxb2 Bd8 29. Bd1 g6 30. Kh2 Bc7 31. Nb1 Qb8 32. Qxb8 Bxb8 33. Nd2 Bc7 34. Nb1
Ng8 35. a5 Bd8 36. Nd2 Bf6 37. Bxf6 Kxf6 38. Ne2 Nh6 39. Nc3 Nf7 40. Ba4 Ke7
41. Bxd7 Kxd7 42. Nb3 Nc7 43. g4 Nh6 1/2-1/2

[Event "22.Deutsche Senioreneinzelmeisterschaft"]
[Site "Berlin-Spandau"]
[Date "2010.08.18"]
[Round "3.123"]
[White "Raabe, Joachim"]
[Black "Elstein, Alla"]
[Result "1-0"]
[WhiteElo "1790"]
[BlackElo "1505"]
[PlyCount "86"]
[EventDate "2010.08.??"]
[EventType "swiss"]
[EventRounds "9"]
[EventCountry "GER"]
[WhiteTeam "Bruehler SK 1920 e.V."]
[BlackTeam "SK Union Oldenburg"]

1. g4 d5 2. Bg2 e5 3. c4 dxc4 4. Qa4+ c6 5. Qxc4 Be6 6. Qc3 Bd6 7. h3 f6 8. e3
Ne7 9. Qc2 Nd5 10. a3 Nd7 11. Ne2 O-O 12. Ng3 g6 13. Nc3 Ne7 14. Nce4 Bc7 15.
O-O Bd5 16. d3 Rf7 17. b4 a5 18. Bd2 axb4 19. Bxb4 b6 20. Bd6 Bxe4 21. Nxe4 f5
22. Bxc7 Qxc7 23. Ng5 Rf6 24. Qc4+ Kh8 25. Rfc1 Rc8 26. a4 h6 27. Nf3 fxg4 28.
hxg4 Rcf8 29. Qe4 Nc5 30. Qxe5 Qd7 31. Rc4 Qe6 32. Qxe6 Rxe6 33. d4 Ne4 34. Ra2
Nd6 35. Rcc2 Re4 36. Nh2 Re6 37. Bxc6 Nec8 38. Bd7 Re7 39. Bxc8 Nxc8 40. Rc6
Kg7 41. Rac2 Ree8 42. Kg2 Rg8 43. Nf3 Kf7 1-0

[Event "22.Deutsche Senioreneinzelmeisterschaft"]
[Site "Berlin-Spandau"]
[Date "2010.08.18"]
[Round "3.124"]
[White "Dziura, Dieter"]
[Black "Seidel, Manfred"]
[Result "1-0"]
[WhiteElo "1779"]
[BlackElo "1502"]
[PlyCount "78"]
[EventDate "2010.08.??"]
[EventType "swiss"]
[EventRounds "9"]
[EventCountry "GER"]
[WhiteTeam "SG Kohlscheid 19"]
[BlackTeam "Spandauer SV e.V."]

1. e4 e5 2. Nf3 d6 3. Nc3 Bg4 4. Be2 Nc6 5. d3 Nf6 6. Be3 Be7 7. h3 Bxf3 8.
Bxf3 O-O 9. Qd2 Nd4 10. Bd1 c5 11. Nd5 Nxd5 12. exd5 Nf5 13. O-O b5 14. c3 a6
15. Bg4 Nxe3 16. fxe3 Bg5 17. Qe2 g6 18. e4 Ra7 19. g3 h5 20. Bf3 f5 21. exf5
Rxf5 22. Be4 Rxf1+ 23. Rxf1 Rg7 24. Qf3 Kh7 25. Qxh5+ Bh6 26. h4 c4 27. Qf3
cxd3 28. Qxd3 Qd7 29. h5 Bg5 30. Bxg6+ Kh6 31. Kg2 Qg4 32. Rf8 Bf4 33. Qf3
Qxf3+ 34. Kxf3 Bc1 35. Ke4 Bxb2 36. Kf5 Rxg6 37. hxg6 e4 38. Re8 Bxc3 39. Rxe4
b4 1-0

[Event "22.Deutsche Senioreneinzelmeisterschaft"]
[Site "Berlin-Spandau"]
[Date "2010.08.18"]
[Round "3.125"]
[White "Wege, Hermann"]
[Black "Theilig, Reinhard"]
[Result "1-0"]
[WhiteElo "1719"]
[BlackElo "1498"]
[PlyCount "97"]
[EventDate "2010.08.??"]
[EventType "swiss"]
[EventRounds "9"]
[EventCountry "GER"]
[WhiteTeam "SC Rathenow e.V."]
[BlackTeam "VfB Hermsdorf e.V."]

1. Nf3 Nf6 2. g3 c5 3. Bg2 Nc6 4. d3 e6 5. Nbd2 d5 6. O-O Be7 7. Re1 O-O 8. e4
dxe4 9. dxe4 e5 10. c3 Bg4 11. h3 Be6 12. Qe2 h6 13. Nf1 Qc8 14. Kh2 Nh7 15.
Ne3 Ng5 16. Nxg5 Bxg5 17. h4 Bf6 18. Nd5 Bd8 19. Be3 Ne7 20. c4 Bg4 21. f3 Be6
22. Rac1 f5 23. Bh3 b6 24. Rg1 fxe4 25. Bxe6+ Qxe6 26. fxe4 Nc6 27. Rcf1 Rc8
28. Rxf8+ Kxf8 29. Rf1+ Kg8 30. Qh5 Be7 31. b3 Rf8 32. Rf5 Rxf5 33. exf5 Qf7
34. Qg4 Kh7 35. h5 Bd8 36. Qg6+ Qxg6 37. fxg6+ Kg8 38. Kh3 Ne7 39. Kg4 Kf8 40.
a4 Nxd5 41. cxd5 Ke7 42. Kf5 Kd6 43. Bxh6 Bf6 44. Be3 Ke7 45. d6+ Kf8 46. Ke6
Kg8 47. g4 Bd8 48. Kd7 Bf6 49. g5 1-0

[Event "22.Deutsche Senioreneinzelmeisterschaft"]
[Site "Berlin-Spandau"]
[Date "2010.08.18"]
[Round "3.126"]
[White "Buss, Richard"]
[Black "Voigt, Udo"]
[Result "1/2-1/2"]
[WhiteElo "1482"]
[BlackElo "1700"]
[PlyCount "124"]
[EventDate "2010.08.??"]
[EventType "swiss"]
[EventRounds "9"]
[EventCountry "GER"]
[WhiteTeam "VfR Heisfelde e.V."]
[BlackTeam "SK Turm 1898 Berlin"]

1. e4 c5 2. d4 cxd4 3. Nf3 e6 4. c3 Nc6 5. cxd4 Nf6 6. Nc3 Bb4 7. Qd3 a6 8. a3
Bxc3+ 9. bxc3 d6 10. Be2 Qc7 11. O-O h6 12. h3 O-O 13. Nh2 e5 14. d5 Ne7 15. c4
Bd7 16. Ng4 Nxg4 17. Bxg4 f5 18. exf5 Bxf5 19. Bxf5 Nxf5 20. Rb1 Rac8 21. Rb4
a5 22. Rb5 Nd4 23. Rb2 Qxc4 24. Qxc4 Rxc4 25. Be3 Rf7 26. f4 Nf5 27. Bb6 Ng3
28. Re1 Rcxf4 29. Kh2 Ne4 30. Bxa5 Nc5 31. Rd1 e4 32. Rc2 e3 33. Re2 Re7 34.
Bd8 Re8 35. Bc7 Rf2 36. Rde1 Rxe2 37. Rxe2 Nb3 38. Bxd6 Nd4 39. Re1 e2 40. Bg3
Nc2 41. Rc1 e1=Q 42. Bxe1 Nxe1 43. d6 Rd8 44. Rxe1 Rxd6 45. Rb1 b6 46. Rb4 Kf7
47. Rb3 Ke7 48. Kg3 Kd7 49. Kf3 Kc6 50. h4 Kc5 51. Ke3 Rg6 52. Kf3 b5 53. g4
Rf6+ 54. Ke4 Kb6 55. a4 Re6+ 56. Kd5 Rg6 57. Rxb5+ Ka6 58. Rb4 Ka5 59. Rf4 Kb6
60. Ke5 Ka5 61. Rd4 Rb6 62. Kf5 Rf6+ 1/2-1/2

[Event "22.Deutsche Senioreneinzelmeisterschaft"]
[Site "Berlin-Spandau"]
[Date "2010.08.18"]
[Round "3.127"]
[White "Kuehnl, Bernd"]
[Black "Kranch, Klaus"]
[Result "1-0"]
[WhiteElo "1689"]
[BlackElo "1480"]
[PlyCount "73"]
[EventDate "2010.08.??"]
[EventType "swiss"]
[EventRounds "9"]
[EventCountry "GER"]
[WhiteTeam "VfL 1990 Gera"]
[BlackTeam "SC Rochade e.V."]

1. d4 d5 2. c4 e6 3. Nf3 Nf6 4. Bg5 c6 5. e3 Nbd7 6. Bd3 Qa5+ 7. Kf1 dxc4 8.
Bxc4 Ne4 9. Bf4 Be7 10. Nfd2 Nxd2+ 11. Nxd2 Nf6 12. h3 b5 13. Bd3 Bb7 14. a3
O-O 15. b4 Qd8 16. Nb3 Bd6 17. Bxd6 Qxd6 18. Nc5 Rab8 19. Nxb7 Rxb7 20. Qd2 Rd7
21. f4 Qd5 22. Qc2 g6 23. Kf2 Rc8 24. Rac1 Kg7 25. Qc5 Ne4+ 26. Bxe4 Qxe4 27.
Qc2 Qd5 28. Qb2 f5 29. Rc5 Qd6 30. Rhc1 Kf7 31. Rxb5 cxb5 32. Rxc8 a6 33. Qc2
Ke7 34. Rc6 Qb8 35. Qc5+ Kf7 36. Rxa6 Rd5 37. Ra7+ 1-0

[Event "22.Deutsche Senioreneinzelmeisterschaft"]
[Site "Berlin-Spandau"]
[Date "2010.08.18"]
[Round "3.128"]
[White "Fiedler, Ronald"]
[Black "Bartle, Georg"]
[Result "1-0"]
[WhiteElo "1477"]
[BlackElo "1678"]
[PlyCount "93"]
[EventDate "2010.08.??"]
[EventType "swiss"]
[EventRounds "9"]
[EventCountry "GER"]
[WhiteTeam "SG  Wedding e.V."]
[BlackTeam "SC Donaueschingen"]

1. d4 f5 2. Nc3 Nf6 3. Bg5 e6 4. e4 fxe4 5. Nxe4 Be7 6. Bxf6 Bxf6 7. Nxf6+ Qxf6
8. Nf3 O-O 9. Bd3 Nc6 10. O-O e5 11. Bc4+ Kh8 12. dxe5 Nxe5 13. Nxe5 Qxe5 14.
c3 d6 15. Qd5 Qxd5 16. Bxd5 c6 17. Bf3 Be6 18. b3 Rf6 19. Rae1 Raf8 20. Re3 d5
21. Rfe1 Bc8 22. Re8 {=} Kg8 23. R1e7 Rd6 24. Rxf8+ Kxf8 25. Rc7 Rd8 26. Kf1
Re8 27. Bh5 g6 28. Be2 h5 29. h3 a6 30. Bd3 Re7 31. Rxc8+ Kg7 32. g3 g5 33. Rd8
h4 34. g4 Kf6 35. Rf8+ Rf7 36. Rxf7+ Kxf7 37. Bf5 b5 38. b4 Ke7 39. Ke2 Kd6 40.
Ke3 a5 41. a3 c5 42. bxa5 Kc6 43. Be6 d4+ 44. cxd4 b4 45. axb4 cxb4 46. Bc4 b3
47. Kd3 1-0

[Event "22.Deutsche Senioreneinzelmeisterschaft"]
[Site "Berlin-Spandau"]
[Date "2010.08.18"]
[Round "3.129"]
[White "Schumacher, Ursula"]
[Black "Luft, Helga"]
[Result "1/2-1/2"]
[WhiteElo "1472"]
[BlackElo "1625"]
[PlyCount "54"]
[EventDate "2010.08.??"]
[EventType "swiss"]
[EventRounds "9"]
[EventCountry "GER"]

1. c4 Nf6 2. Nc3 c5 3. Nf3 d6 4. g3 g6 5. d3 Nc6 6. Bg2 a6 7. O-O Bg7 8. Rb1
O-O 9. b3 Be6 10. Ng5 h6 11. Nxe6 fxe6 12. Ne4 Rc8 13. e3 b5 14. Bh3 Kf7 15.
Bb2 Rc7 16. f4 Qd7 17. Nc3 Nd8 18. e4 Qe8 19. e5 Nh7 20. Qe2 b4 21. Ne4 d5 22.
Nd2 d4 23. Qe4 Qc6 24. Qe2 Qe8 25. Qe4 Qc6 26. Qe2 Qe8 27. Qe4 Rc6 1/2-1/2

[Event "22.Deutsche Senioreneinzelmeisterschaft"]
[Site "Berlin-Spandau"]
[Date "2010.08.18"]
[Round "3.130"]
[White "Franke, Helmut"]
[Black "Siegmeyer, Ingo"]
[Result "1-0"]
[WhiteElo "1622"]
[BlackElo "1454"]
[PlyCount "39"]
[EventDate "2010.08.??"]
[EventType "swiss"]
[EventRounds "9"]
[EventCountry "GER"]

1. e4 e6 2. d4 d5 3. e5 c5 4. c3 Qb6 5. Nf3 Nc6 6. Be2 Nh6 7. Bxh6 Qxb2 8. O-O
gxh6 9. Nbd2 Qxc3 10. Rc1 Qa3 11. Bb5 Bd7 12. Qc2 c4 13. Rfe1 a6 14. Bxc4 dxc4
15. Nxc4 Qe7 16. Nd6+ Kd8 17. Nxb7+ Ke8 18. Nd6+ Kd8 19. Qa4 Nxe5 20. Qa5# 1-0

[Event "22.Deutsche Senioreneinzelmeisterschaft"]
[Site "Berlin-Spandau"]
[Date "2010.08.18"]
[Round "3.131"]
[White "Janzen, Christian"]
[Black "Goepfart, Dietrich"]
[Result "1/2-1/2"]
[WhiteElo "1616"]
[BlackElo "1423"]
[PlyCount "44"]
[EventDate "2010.08.??"]
[EventType "swiss"]
[EventRounds "9"]
[EventCountry "GER"]
[WhiteTeam "TSV Marienfelde 1890 e.V."]
[BlackTeam "SSV Vimaria 91 Weimar"]

1. e4 e5 2. Nf3 Nc6 3. Bc4 h6 4. d3 Nf6 5. Be3 d5 6. exd5 Nxd5 7. Bxd5 Qxd5 8.
O-O Bd6 9. Nc3 Qe6 10. Re1 O-O 11. d4 exd4 12. Nxd4 Qf6 13. Nxc6 bxc6 14. Bd4
Qg6 15. Ne4 Bf5 16. f3 Rfe8 17. Qe2 c5 18. Bc3 Bxe4 19. fxe4 Be5 20. Bxe5 Rxe5
21. Qf2 Qb6 22. b3 Rae8 1/2-1/2

[Event "22.Deutsche Senioreneinzelmeisterschaft"]
[Site "Berlin-Spandau"]
[Date "2010.08.18"]
[Round "3.132"]
[White "Schwagrowski, Bernd"]
[Black "Reeh, Axel"]
[Result "0-1"]
[WhiteElo "1404"]
[BlackElo "1602"]
[PlyCount "104"]
[EventDate "2010.08.??"]
[EventType "swiss"]
[EventRounds "9"]
[EventCountry "GER"]
[WhiteTeam "ESV Grossenbaum e.V. 1973"]
[BlackTeam "Bremer SG von 1877"]

1. Nf3 Nf6 2. d4 g6 3. h3 Bg7 4. Bf4 d6 5. e3 c6 6. Nbd2 O-O 7. a3 b5 8. c4 a6
9. Rc1 Bb7 10. Be2 Nbd7 11. O-O Nh5 12. Bh2 f5 13. b4 Bf6 14. Qb3 Kh8 15. Rfd1
Ng7 16. Rc2 Rc8 17. Rdc1 Qe8 18. Bg3 e5 19. dxe5 dxe5 20. c5 Ne6 21. Rd1 e4 22.
Ne1 Bg7 23. Bd6 Rg8 24. f3 f4 25. exf4 Nd4 26. Qe3 Nxc2 27. Nxc2 exf3 28. Qxf3
Nf6 29. Re1 Qf7 30. Kf1 Nd5 31. Ne4 h6 32. g3 Rge8 33. Qd3 Rcd8 34. Bf3 Bc8 35.
Kg2 Bf5 36. Ne3 Nxe3+ 37. Rxe3 Re6 38. g4 Bxe4 39. Rxe4 Rde8 40. Rxe6 Qxe6 41.
Kg3 Qe1+ 42. Kg2 Re3 43. Qxg6 Rxa3 44. Qc2 Bd4 45. Be5+ Bxe5 46. fxe5 Qxe5 47.
h4 Rc3 48. Qd2 Qf6 49. Bxc6 Rb3 50. Qd1 Qxc6+ 51. Kh2 Qc7+ 52. Kg2 Qg3+ 0-1

[Event "22.Deutsche Senioreneinzelmeisterschaft"]
[Site "Berlin-Spandau"]
[Date "2010.08.18"]
[Round "3.133"]
[White "Kaufmann, Hans"]
[Black "Lichtblau, Ernst"]
[Result "0-1"]
[WhiteElo "1394"]
[BlackElo "1595"]
[PlyCount "98"]
[EventDate "2010.08.??"]
[EventType "swiss"]
[EventRounds "9"]
[EventCountry "GER"]
[WhiteTeam "Spandauer SV e.V."]
[BlackTeam "Bruehler SK 1920 e.V."]

1. e4 c6 2. Nf3 d5 3. Nc3 e6 4. d3 Ne7 5. Be2 d4 6. Nb1 e5 7. c3 Ng6 8. cxd4
exd4 9. Qa4 Bc5 10. b4 b5 11. Qb3 Be7 12. O-O a5 13. Bd2 Bb7 14. Qb2 axb4 15.
Bxb4 Bxb4 16. Qxb4 Ra4 17. Qd2 O-O 18. Bd1 Ra5 19. Qb4 Qb6 20. a4 c5 21. Qb2 b4
22. Nbd2 Ra8 23. Nc4 Qd8 24. Bb3 Nc6 25. Qd2 Na5 26. Nxa5 Rxa5 27. Ne1 Qe7 28.
f4 Kh8 29. f5 Ne5 30. Nf3 f6 31. Nxe5 Qxe5 32. Qf4 {=} Qxf4 33. Rxf4 Re8 34. g4
Bc6 35. h4 Rea8 36. g5 Bxa4 37. Bd5 R8a7 38. gxf6 gxf6 39. Rg4 Rg7 40. Rxg7
Kxg7 41. Bb3 Bxb3 42. Rxa5 Bc2 43. Rxc5 Bxd3 44. e5 fxe5 45. Rxe5 b3 46. Rd5 b2
47. Rd7+ Kf6 48. Rb7 b1=Q+ 49. Rxb1 Bxb1 0-1

[Event "22.Deutsche Senioreneinzelmeisterschaft"]
[Site "Berlin-Spandau"]
[Date "2010.08.18"]
[Round "3.134"]
[White "Luebbers, Doris"]
[Black "Thonig, Manfred"]
[Result "0-1"]
[WhiteElo "1386"]
[BlackElo "1588"]
[PlyCount "70"]
[EventDate "2010.08.??"]
[EventType "swiss"]
[EventRounds "9"]
[EventCountry "GER"]
[WhiteTeam "Sfr. Taunus Koenigstein/Schwalbac"]
[BlackTeam "SC Starnberg"]

1. d4 f5 2. g3 Nf6 3. Bg2 e6 4. Nf3 Bb4+ 5. Bd2 Bxd2+ 6. Nbxd2 d5 7. O-O O-O 8.
Ne5 Nbd7 9. Ndf3 Nxe5 10. Nxe5 Qe8 11. b3 Rb8 12. c4 b6 13. Rc1 dxc4 14. Rxc4
Nd5 15. Qd2 Bb7 16. Rfc1 c5 17. f4 Ba6 18. R4c2 Nb4 19. Rb2 Rd8 20. e3 cxd4 21.
exd4 Nd5 22. Bxd5 Rxd5 23. Qf2 Qb5 24. Rd2 Rfd8 25. Re1 Qe8 26. Rc1 R8d6 27.
Re1 b5 28. b4 Bb7 29. Rc1 Qd8 30. Nf3 Ba8 31. Rc5 a6 32. Rxd5 Bxd5 33. Ne5 Ba8
34. a3 Qc8 35. h4 Qc1+ 0-1

[Event "22.Deutsche Senioreneinzelmeisterschaft"]
[Site "Berlin-Spandau"]
[Date "2010.08.18"]
[Round "3.135"]
[White "Pfueller, Volker"]
[Black "Gnaß, Erhard"]
[Result "1-0"]
[WhiteElo "1585"]
[BlackElo "1418"]
[PlyCount "141"]
[EventDate "2010.08.??"]
[EventType "swiss"]
[EventRounds "9"]
[EventCountry "GER"]

1. b4 Nf6 2. Bb2 e6 3. b5 Be7 4. c4 O-O 5. Nf3 b6 6. e3 c5 7. Be2 Bb7 8. O-O d6
9. Qc2 Be4 10. d3 Bg6 11. Nbd2 Nbd7 12. h3 e5 13. Nh4 Re8 14. Nxg6 fxg6 15. a4
Rf8 16. Nb3 Nh5 17. Bf3 Rb8 18. a5 Bg5 19. Qe2 Nhf6 20. g3 h5 21. h4 Bh6 22.
axb6 axb6 23. Ra7 Qe7 24. Rfa1 Qe6 25. Kg2 Kh8 26. Nd2 Rfd8 27. Bc6 Qg4 28.
Qxg4 hxg4 29. Ne4 Nf8 30. Rf7 Nxe4 31. Bxe4 Re8 32. Ra6 Kg8 33. Bd5 Kh8 34. Bb7
Ne6 35. Rxb6 Nd8 36. Rd7 e4 37. dxe4 Nxb7 38. Rbxb7 Rxb7 39. Rxb7 Rxe4 40. Rb6
Rxc4 41. Rxd6 Rb4 42. Bd4 Rxb5 43. Rxg6 Kh7 44. Rxg4 c4 45. Bc3 Rc5 46. Kf3
Rf5+ 47. Ke2 Rc5 48. e4 g5 49. hxg5 Bxg5 50. e5 Kh6 51. Re4 Rc7 52. f4 Be7 53.
g4 Kg6 54. Kf3 Ba3 55. e6 Be7 56. f5+ Kg5 57. Bd2+ Kf6 58. Bc3+ Kg5 59. Rd4 Rb7
60. Bd2+ Kf6 61. Rxc4 Ke5 62. Be3 Rb3 63. Re4+ Kf6 64. Ke2 Rb2+ 65. Kd3 Rg2 66.
Rc4 Rg3 67. Ke2 Rh3 68. Rc7 Rh2+ 69. Kf3 Rh3+ 70. Ke4 Rh4 71. Rxe7 1-0

[Event "22.Deutsche Senioreneinzelmeisterschaft"]
[Site "Berlin-Spandau"]
[Date "2010.08.18"]
[Round "3.136"]
[White "Dymek, Hans-Peter"]
[Black "Oldigs, Adolf"]
[Result "1-0"]
[WhiteElo "1582"]
[BlackElo "1395"]
[PlyCount "111"]
[EventDate "2010.08.??"]
[EventType "swiss"]
[EventRounds "9"]
[EventCountry "GER"]
[WhiteTeam "Schachverein Ennigerloh-Oelde"]
[BlackTeam "SV Buesum"]

1. d4 d5 2. Nf3 Nf6 3. c4 e6 4. Nc3 c6 5. cxd5 exd5 6. Bg5 Be7 7. e3 Nbd7 8.
Bd3 O-O 9. O-O Re8 10. Qc2 Nf8 11. h3 N6d7 12. Bf4 Nf6 13. Rfe1 Bb4 14. Bg5 Be7
15. Bxf6 Bxf6 16. Rad1 g6 17. e4 dxe4 18. Bxe4 Be6 19. b3 Rc8 20. Na4 Nd7 21.
Nc5 Nxc5 22. dxc5 Qc7 23. Qc1 Kg7 24. Nd2 Bg5 25. Qc3+ Bf6 26. Qb4 Rcd8 27. Nf3
Rxd1 28. Rxd1 Rd8 29. Rd6 Rxd6 30. cxd6 Qd7 31. Qc5 a6 32. Ne5 Bxe5 33. Qxe5+
f6 34. Qc5 Kf7 35. Kf1 f5 36. Bf3 Kf6 37. Qd4+ Kf7 38. Qe5 Qe8 39. Qc5 Qd7 40.
g3 Kf6 41. Qd4+ Kf7 42. h4 h5 43. Ke2 Qe8 44. Kd3 Qd8 45. Qc5 Qd7 46. Kc3 Qd8
47. a4 a5 48. Bd1 Qf6+ 49. Qd4 Qd8 50. b4 axb4+ 51. Kxb4 Qd7 52. Kc5 b5 53. Kb4
Bd5 54. axb5 Qxd6+ 55. Qc5 Qxc5+ 56. Kxc5 1-0

[Event "22.Deutsche Senioreneinzelmeisterschaft"]
[Site "Berlin-Spandau"]
[Date "2010.08.18"]
[Round "3.137"]
[White "Hartlaub, Marianne"]
[Black "Olschewsky, Roman"]
[Result "0-1"]
[WhiteElo "1368"]
[BlackElo "1579"]
[PlyCount "87"]
[EventDate "2010.08.??"]
[EventType "swiss"]
[EventRounds "9"]
[EventCountry "GER"]
[WhiteTeam "SK 1982 Klingenberg/Main"]
[BlackTeam "SG  Wedding e.V."]

1. c4 d6 2. Nc3 g6 3. b3 Bg7 4. Bb2 Nf6 5. Nf3 c6 6. e3 Bg4 7. d4 Nbd7 8. h3
Bxf3 9. Qxf3 O-O 10. Bd3 e5 11. O-O Re8 12. dxe5 Nxe5 13. Qe2 d5 14. Rfd1 d4
15. Bc2 c5 16. Ne4 Qc7 17. exd4 Nxe4 18. Bxe4 Nc6 19. Qd3 Nxd4 20. Rab1 Rad8
21. Bd5 b6 22. Bc1 Ne2+ 23. Kh1 Nc3 24. Bg5 Rc8 25. Re1 Nxb1 26. Qxb1 Rxe1+ 27.
Qxe1 Qe5 28. Qc1 Qa1 29. g3 Qxc1+ 30. Bxc1 Re8 31. Be3 Bd4 32. Bc6 Re7 33. Bg5
f6 34. Bd5+ Kg7 35. Bf4 Bxf2 36. Kg2 Bd4 37. Kf3 Be5 38. Bd2 h6 39. b4 Bd4 40.
a4 h5 41. b5 g5 42. a5 Kg6 43. g4 hxg4+ 44. hxg4 {
und noch etwa 20 nicht mehr rekonstuierbare Zuege.} 0-1

[Event "22.Deutsche Senioreneinzelmeisterschaft"]
[Site "Berlin-Spandau"]
[Date "2010.08.18"]
[Round "3.138"]
[White "Aufmwasser, Guenter"]
[Black "Berg, Gerd"]
[Result "1/2-1/2"]
[WhiteElo "1578"]
[BlackElo "1393"]
[PlyCount "50"]
[EventDate "2010.08.??"]
[EventType "swiss"]
[EventRounds "9"]
[EventCountry "GER"]

1. f4 d5 2. Nf3 g6 3. e3 Bg7 4. d4 Nf6 5. Bd3 O-O 6. O-O Nbd7 7. Qe1 c5 8. c3
c4 9. Bc2 b5 10. Nbd2 Nb6 11. Ne5 Qc7 12. Ndf3 Ng4 13. Bd2 Qd6 14. a4 Nxa4 15.
Bxa4 bxa4 16. Rxa4 f6 17. Nxg4 Bxg4 18. Qa1 Qc7 19. Ra5 Be6 20. Qa3 Rfb8 21.
Bc1 Bf8 22. Nd2 Bf7 23. Rc5 Qb7 24. Qa2 e5 25. Ra5 e4 1/2-1/2

[Event "22.Deutsche Senioreneinzelmeisterschaft"]
[Site "Berlin-Spandau"]
[Date "2010.08.18"]
[Round "3.139"]
[White "Polifka, Wilfried"]
[Black "Ludwig, Siegfried"]
[Result "1-0"]
[WhiteElo "1566"]
[BlackElo "1377"]
[PlyCount "91"]
[EventDate "2010.08.??"]
[EventType "swiss"]
[EventRounds "9"]
[EventCountry "GER"]

1. f4 d6 2. Nf3 h6 3. e4 Nc6 4. Bc4 Bg4 5. O-O Nf6 6. Nc3 Nd4 7. Be2 Bxf3 8.
Bxf3 e5 9. f5 Be7 10. d3 O-O 11. Ne2 c5 12. Ng3 Nh7 13. Bg4 Bg5 14. c3 Nc6 15.
Nh5 Qe7 16. Rf3 Rad8 17. Qb3 Kh8 18. Bxg5 Nxg5 19. Rg3 f6 20. h4 Nh7 21. Be2
Rg8 22. d4 cxd4 23. a4 dxc3 24. bxc3 Rc8 25. a5 b6 26. axb6 axb6 27. Qxb6 Qe8
28. Qb7 Qe7 29. Qxe7 Nxe7 30. Ra7 Rce8 31. Bb5 Nc8 32. Raxg7 Ref8 33. Bc4 Rxg7
34. Rxg7 Nb6 35. Bf7 Rxf7 36. Rxf7 Na4 37. Ra7 Nxc3 38. Ra8+ Nf8 39. Rxf8+ Kh7
40. Rf7+ Kg8 41. Rg7+ Kf8 42. Rg4 d5 43. exd5 Nxd5 44. Kf2 Ne7 45. Ng3 h5 46.
Rc4 {Ab hier etwa 13 weitere nicht reproduzierbare Zuege.} 1-0